00318nam a2200121Ia 4500008004100000041000800041082001200049100001700061245004500078260003500123300003100158365000700189240624s9999 xx 000 0 und d aeng a828 JAC aJACKSON PHIL aSACRED HOOPS SPIRITUAL LESSONS OF A HARD c2014aNew YorkbHachette Books axvi, : 224 : p. : cm. ; 20 cRS